Going rogue, Rise and shine twenty-nine: Stephanie Plum / Janet Evanovich.
"Stephanie Plum knows something is amiss when she turns up for work at Vinnie's Bail Bonds to find longtime office manager Connie Rosolli hasn't shown up. Stephanie's worst fears are confirmed when she gets a call from Connie's abductor, who only release her in exchange for a mysterious coin that a recently murdered man left as collateral for his bail. Unfortunately, this coin is nowhere to be found. Stephanie will require the help of her Grandma Mazur, best pal Lula, boyfriend Morelli and hunky security expert Ranger to find the coin, learn its value, and save Connie. As they get closer to unraveling the reasons behind Connie's kidnapping, her captor grows more threatening, and soon Stephanie has no choice but to throw caution to the wind, follow her instincts, and go rogue"-- Back cover.
Record details
- ISBN: 9798885783637
- ISBN: 9789798885785
- ISBN: 9798885783
- Physical Description: 421 pages (large print) ; 23 cm.
- Edition: Large print edition.
- Publisher: Waterville, Maine : Thorndike Press, a part of Gale, a Cengage Company, 2022.
Content descriptions
| General Note: | "Thorndike Press large print basic." |
Search for related items by subject
| Genre: | Detective and mystery fiction. Humorous fiction. |
Search for related items by series
Available copies
- 1 of 1 copy available at scottsboropl.
Holds
- 0 current holds with 1 total copy.
Other Formats and Editions
Show Only Available Copies
| Location | Call Number / Copy Notes | Barcode | Shelving Location | Status | Due Date |
|---|---|---|---|---|---|
| scottsboropl | F Eva | 32269001229700 | Adult - Fiction | Available | - |
| LDR | 03703cam a2200709 i 4500 | ||
|---|---|---|---|
| 001 | 159568 | ||
| 003 | SBPL | ||
| 005 | 20221206170355.0 | ||
| 008 | 221026t20222022meu ed 000 1 eng d | ||
| 007 | tb | ||
| 020 | . | ‡a9798885783637 ‡q(large print ; ‡qhardcover) | |
| 020 | . | ‡a9789798885785 | |
| 020 | . | ‡a9798885783 | |
| 035 | . | ‡a(OCoLC)1350575906 ‡z(OCoLC)1345557359 ‡z(OCoLC)1346673294 ‡z(OCoLC)1347243309 ‡z(OCoLC)1349464750 ‡z(OCoLC)1350282015 ‡z(OCoLC)1351586513 | |
| 050 | 1 | 4. | ‡aPS3555.V2126 ‡bG65 2022b |
| 082 | 0 | 4. | ‡a813/.54 ‡223 |
| 100 | 0 | . | ‡aEvanovich, Janet, ‡eauthor. |
| 245 | 1 | 0. | ‡aGoing rogue, Rise and shine twenty-nine: ‡bStephanie Plum / ‡cJanet Evanovich. |
| 246 | 3 | 0. | ‡aRise and shine twenty-nine |
| 250 | . | ‡aLarge print edition. | |
| 264 | 1. | ‡aWaterville, Maine : ‡bThorndike Press, a part of Gale, a Cengage Company, ‡c2022. | |
| 300 | . | ‡a421 pages (large print) ; ‡c23 cm. | |
| 336 | . | ‡atext ‡btxt ‡2rdacontent | |
| 337 | . | ‡aunmediated ‡bn ‡2rdamedia | |
| 338 | . | ‡avolume ‡bnc ‡2rdacarrier | |
| 340 | . | ‡nlarge print (large print) ‡2rdafs | |
| 490 | 0 | . | ‡aA Stephanie Plum novel ; ‡vbk 29 |
| 500 | . | ‡a"Thorndike Press large print basic." | |
| 520 | . | ‡a"Stephanie Plum knows something is amiss when she turns up for work at Vinnie's Bail Bonds to find longtime office manager Connie Rosolli hasn't shown up. Stephanie's worst fears are confirmed when she gets a call from Connie's abductor, who only release her in exchange for a mysterious coin that a recently murdered man left as collateral for his bail. Unfortunately, this coin is nowhere to be found. Stephanie will require the help of her Grandma Mazur, best pal Lula, boyfriend Morelli and hunky security expert Ranger to find the coin, learn its value, and save Connie. As they get closer to unraveling the reasons behind Connie's kidnapping, her captor grows more threatening, and soon Stephanie has no choice but to throw caution to the wind, follow her instincts, and go rogue"-- ‡cBack cover. | |
| 600 | 1 | 0. | ‡aPlum, Stephanie ‡c(Fictitious character) ‡vFiction. |
| 650 | 0. | ‡aBail bond agents ‡vFiction. | |
| 650 | 0. | ‡aKidnapping ‡vFiction. | |
| 650 | 0. | ‡aCoins ‡vFiction. | |
| 650 | 0. | ‡aRansom ‡vFiction. | |
| 650 | 0. | ‡aWomen bounty hunters ‡vFiction. | |
| 650 | 0. | ‡aLarge type books. | |
| 651 | 0. | ‡aTrenton (N.J.) ‡vFiction. | |
| 655 | 7. | ‡aDetective and mystery fiction. ‡2lcgft | |
| 655 | 7. | ‡aHumorous fiction. ‡2lcgft | |
| 800 | 1 | . | ‡aEvanovich, Janet. ‡tStephanie Plum novel ; ‡vBk 29. |
| 901 | . | ‡a159568 ‡b ‡c159568 ‡tbiblio | |